000 00271nam a22001337a 4500
008 170807b xxu||||| |||| 00| 0 eng d
020 _ac90-06829
041 _aeng
080 _a004
100 _a34
101 _aSHKI
245 _a6425C
_cMICROSOFT
942 _2udc
_cBK
999 _c22811
_d22811